000 00788nam a2200265 i 4500
001 000047745
003 DO-SdBNP
005 20251118134227.0
007 ta
008 110405s2004 dr 000 0 spa d
040 _aDO-SdBNP
_bspa
_cBNPHU
_erda
041 _aspa
082 _axxx
_bB213n
_222
110 2 _aRepública Dominicana.
_bBanco Central
_983405
245 1 0 _aNuevas cuentas nacionales de la República Dominicana 1991-2003.
264 _aSanto Domingo :
_bBanco Central de la República Dominicana,
_c2004.
300 _a89 páginas ;
_c28 cm.
336 _ardacontent
_btexto
_2txt
337 _ardamedia
_bsin mediación
_2n
338 _ardacarrier
_bvolumen
_2nc
500 _aIncluye anexos
590 _aInvetnariado, 2018/VM
910 _aDG
942 _2ddc
_cLBS1
999 _c47233
_d47233